Asian Countries by Letter - Statistics

General Stats
  • This quiz has been taken 439 times
  • The average score is 16 of 19
Answer Stats
Letter N. Country % Correct
C 3 Cambodia/China/Cyprus
95%
A 3 Afghanistan/Armenia/Azerbaijan
91%
B 4 Bahrain/Bangladesh/Bhutan/Brunei
91%
I 5 India/Indonesia/Iran/Iraq/Israel
89%
J 2 Japan/Jordan
88%
L 2 Laos/Lebanon
85%
M 4 Malaysia/Maldives/Mongolia/Myanmar
85%
S 5 Saudi Arabia/Singapore/South Korea/Sri Lanka/Syria
85%
T 4 Taiwan/Tajikistan/Thailand/Turkey/Turkmenistan
84%
O 1 Oman
83%
Q 1 Qatar
83%
K 3 Kazakhstan/Kuwait/Kyrgyzstan
81%
N 2 Nepal/North Korea
80%
P 2 Pakistan/Philippines
80%
Y 1 Yemen
79%
U 2 United Arab Emirates/Uzbekistan
77%
V 1 Vietnam
73%
G 1 Georgia
65%
E 1 East Timor
56%
No matching quizzes found
Score Distribution
Percent of People with Each Score
Percentile by Number Answered
Your Score History
You have not taken this quiz